<?xml version="1.0" encoding="UTF-8"?>
<record
    xmlns:xsi="http://www.w3.org/2001/XMLSchema-instance"
    xsi:schemaLocation="http://www.loc.gov/MARC21/slim http://www.loc.gov/standards/marcxml/schema/MARC21slim.xsd"
    xmlns="http://www.loc.gov/MARC21/slim">

  <leader>02302agaaa2200337   4500</leader>
  <controlfield tag="001">7469</controlfield>
  <controlfield tag="003">IT-RoPAU</controlfield>
  <controlfield tag="005">20220918181230.0</controlfield>
  <controlfield tag="007">d cvaizq</controlfield>
  <controlfield tag="008">50131s9999||||xx ||| |     ||   ||und||</controlfield>
  <datafield tag="040" ind1=" " ind2=" ">
    <subfield code="a">IT-RoPAU</subfield>
    <subfield code="c">IT-RoPAU</subfield>
  </datafield>
  <datafield tag="041" ind1=" " ind2=" ">
    <subfield code="a">ITALIANO</subfield>
  </datafield>
  <datafield tag="100" ind1=" " ind2=" ">
    <subfield code="a">Resnais Alain</subfield>
    <subfield code="g">Codice regista SPICS: 2111</subfield>
    <subfield code="9">40352</subfield>
  </datafield>
  <datafield tag="130" ind1=" " ind2=" ">
    <subfield code="a">MON ONCLE D'AMERIQUE</subfield>
    <subfield code="9">40353</subfield>
  </datafield>
  <datafield tag="240" ind1=" " ind2=" ">
    <subfield code="a">MON ONCLE D'AMERIQUE</subfield>
    <subfield code="g">T1719</subfield>
  </datafield>
  <datafield tag="245" ind1=" " ind2=" ">
    <subfield code="a">MON ONCLE D'AMERIQUE</subfield>
    <subfield code="c">Prodotto da: Drussart Philippe -- Sceneggiatura: Grualt Jean -- Diretto da: Resnais Alain</subfield>
    <subfield code="p">MON ONCLE D'AMERIQUE (Rif. Codice opera principale : H7469)</subfield>
  </datafield>
  <datafield tag="246" ind1=" " ind2=" ">
    <subfield code="a">MON ONCLE D'AMERIQUE</subfield>
  </datafield>
  <datafield tag="250" ind1=" " ind2=" ">
    <subfield code="a">Edizione Standard</subfield>
  </datafield>
  <datafield tag="260" ind1=" " ind2=" ">
    <subfield code="a">(FRANCIA)</subfield>
    <subfield code="b">ANDREA FILM - T.F.1 / Distribuzione: MULTIMEDIA SAN PAOLO</subfield>
    <subfield code="g">"1980 (1&#xB0; ed.: 2007 ; Ed. Lingua Orig.: 1980)"</subfield>
  </datafield>
  <datafield tag="300" ind1=" " ind2=" ">
    <subfield code="a">DVD</subfield>
    <subfield code="b">sonoro, col.</subfield>
    <subfield code="c">121 minuti</subfield>
  </datafield>
  <datafield tag="508" ind1=" " ind2=" ">
    <subfield code="a">"Fotografia: Vierny Sacha; Montaggio: Jurgenson Albert; Musica: Dzierlatka Arie; Sceneggiatura: Grualt Jean; Scenografia: Saulnier Jacques; "</subfield>
  </datafield>
  <datafield tag="511" ind1=" " ind2=" ">
    <subfield code="a">"Depardieu Gerard; Garcia Nicole; Pierre Roger; Borgeaud Nelly; Darrieu Gerard; Dubois"</subfield>
  </datafield>
  <datafield tag="520" ind1=" " ind2=" ">
    <subfield code="a">JEAN, RENE', JANINE, DUE UOMINI E UNA DONNA, LE CUI VITE PARALLELE SONO DESTINATE A INTRECCIARSI. JEAN, CLASSE 1929, E' DECISO A DIVENTARE QUALCUNO NEL CAMPO POLITICO E LETTERARIO. RENE', CONTADINO DELL'ANGIO', PER ARRIVARE A ESSERE QUALCUNO ABBANDONA L'AZIENDA E VA IN CITTA', METTENDO PERO' PIU' AFFANNI CHE SODDISFAZIONI. JANINE , NATA NEL 48, CERCA LA VIA DEL CINEMA E INCONTRA JEAN CHE, AFFASCINATO DALLA CARICA VITALE DELLA DONNA, ABBANDONA LAMOGLIE. MA LA LEGITTIMA COMPAGNA RIUSCIRA' A RICONQUISTARE IL MARITO. PER QUANTO SI AGITINO E SI SFORZINO DI CAPIRE, I TRE NON RIESCONO A DARSI CONTODEI PROPRI COMPORTAMENTI: SONO INFATTI DEI PERSONAGGI CAVIE. PREMIO FIPRESCI CANNES 1980. GRAN PREMIO DELLA GIURIA CANNES 1980. PREMIO DAVID DI DONATELLO 1981 A JEAN GRUALT. EXTRA: TRAILER.</subfield>
  </datafield>
  <datafield tag="538" ind1=" " ind2=" ">
    <subfield code="a">PAL, STEREO</subfield>
  </datafield>
  <datafield tag="546" ind1=" " ind2=" ">
    <subfield code="a">ITALIANO</subfield>
  </datafield>
  <datafield tag="650" ind1=" " ind2=" ">
    <subfield code="a">COMMEDIA</subfield>
    <subfield code="e">DVD-FILM [DVD]</subfield>
    <subfield code="x">Codice MATERIA SPICS: 9947</subfield>
    <subfield code="9">36668</subfield>
  </datafield>
  <datafield tag="700" ind1=" " ind2=" ">
    <subfield code="a">Dzierlatka Arie</subfield>
    <subfield code="e">(musica)</subfield>
    <subfield code="g">Codice Musica SPICS: 29791</subfield>
    <subfield code="9">40354</subfield>
  </datafield>
  <datafield tag="700" ind1=" " ind2=" ">
    <subfield code="a">Laborit Henri </subfield>
    <subfield code="e">(soggetto)</subfield>
    <subfield code="g">Codice Soggetto SPICS: 3436</subfield>
    <subfield code="9">40355</subfield>
  </datafield>
  <datafield tag="700" ind1=" " ind2=" ">
    <subfield code="a">Resnais Alain </subfield>
    <subfield code="e">(regista)</subfield>
    <subfield code="g">Codice regista SPICS: 2111</subfield>
    <subfield code="9">40356</subfield>
  </datafield>
  <datafield tag="942" ind1=" " ind2=" ">
    <subfield code="c">DV</subfield>
    <subfield code="2">ddc</subfield>
  </datafield>
  <datafield tag="999" ind1=" " ind2=" ">
    <subfield code="c">105252</subfield>
    <subfield code="d">105252</subfield>
  </datafield>
  <datafield tag="952" ind1=" " ind2=" ">
    <subfield code="0">0</subfield>
    <subfield code="1">0</subfield>
    <subfield code="4">0</subfield>
    <subfield code="6">H_7469_000000000000000</subfield>
    <subfield code="7">1</subfield>
    <subfield code="a">SPICS</subfield>
    <subfield code="b">SPICS</subfield>
    <subfield code="d">2015-01-31</subfield>
    <subfield code="l">0</subfield>
    <subfield code="o">H7469</subfield>
    <subfield code="r">2015-01-31 00:00:00</subfield>
    <subfield code="w">2015-01-31</subfield>
    <subfield code="y">DV</subfield>
    <subfield code="z">Progr. Ins.: 3585 / N.Vol.:1 / Copie: 1 / Pag.:0 / Copia rara: n.d. / date import: 1.2.2015 / By Epidotti, Trombetti, Vaglietti</subfield>
  </datafield>
</record>
